000 00617nam a22002057a 4500
005 20130507124239.0
010 _aENG-106990
020 _a9789350516386
_c375.00
035 _aEN-90523
037 _bDBAD/PUB
082 _a332.1068
100 _a Narendra Singh
245 1 0 _aStrategic management and marketing /
_cby Narendra Singh
250 _a3rd rev. ed
260 _aNew Delhi
_bHimalaya Publishing House
_c2012
270 _aPooja Apartment,4-B, Ansari Road,Daryaganj
_bNew Delhi
_e110001
300 _a438p.
_c24cm(pbk)
500 _aIncludes index
942 _2ddc
_cEN
_mNAR
_h332.1068
999 _c75136
_d75136